000 00492nam a2200157 a 4500
001 000037714
005 20201002031114.0
008 121115s2012 dr a 000 0 spa d
020 _a9789945882711
040 _aDO-SdBNP
_bspa
_cBNPHU
100 1 _aFortuna, Flor Berenice
_964172
245 1 3 _aEl síndrome de Burnout /
_cFlor Berenice Fortuna, Anthony Paniagua,.
260 _aSanto Domingo :
_bEditora Búho,
_c2012.
300 _a104 p. :
_bil. ;
_c22 cm.
700 1 _aPaniagua, Antony
_964173
999 _c37204
_d37204